[Event "Autumn Cup"]
[Site "Wellington Chess Club"]
[Date "2012.05.29"]
[Round "5"]
[White "Stone, Andrew"]
[Black "Aldridge, Alan"]
[Result "1/2-1/2"]
[WhiteElo "1963"]
[BlackElo "1934"]

1. e4 d5 2. exd5 Nf6 3. d4 Nxd5 4. c4 Nf6 5. Nc3 g6 6. Nf3 Bg7 7. Be2 O-O 8.
O-O c6 9. Bg5 Na6 10. Qd2 Re8 11. Rad1 Nc7 12. h3 Ne6 13. Be3 Qc7 14. Rfe1 a6
15. d5 cxd5 16. Nxd5 Nxd5 17. cxd5 Rd8 18. Qb4 a5 19. Qh4 Bf6 20. Qh6 Bg7 21.
Qh4 1/2-1/2

[Event "Autumn Cup"]
[Site "Wellington Chess Club"]
[Date "2012.05.29"]
[Round "5"]
[White "Timergazi, Layla"]
[Black "Shierlaw, Hamish"]
[Result "1/2-1/2"]
[WhiteElo "1648"]
[BlackElo "1591"]

1. d4 Nf6 2. c4 e6 3. Nc3 Bb4 4. Nf3 O-O 5. Bg5 h6 6. Bh4 d5 7. e3 Nbd7 8. Bd3
dxc4 9. Bxc4 c5 10. O-O cxd4 11. Qxd4 Be7 12. Rfd1 Qb6 13. Bb5 Qxd4 14. Rxd4
Nb6 15. Rad1 Nfd5 16. Nxd5 Nxd5 17. Bxe7 Nxe7 18. Rd8 Nd5 19. Rxf8+ Kxf8 20. h3
Ke7 21. Ne5 a6 22. Be2 Nf6 23. Bf3 Rb8 24. Nc4 Ne8 25. Nb6 Nd6 26. Kf1 Bd7 27.
Nxd7 Kxd7 28. Rc1 Rc8 29. Rxc8 Kxc8 30. Ke2 Kc7 31. Kd3 e5 32. g4 Kb6 33. Bg2
Kc5 1/2-1/2

[Event "Autumn Cup"]
[Site "Wellington Chess Club"]
[Date "2012.05.29"]
[Round "5"]
[White "Whittle, Jonathon"]
[Black "Anderson, Gordon"]
[Result "1-0"]
[WhiteElo "1652"]
[BlackElo "1605"]

1. Nf3 d5 2. c4 Nf6 3. g3 c6 4. Bg2 e6 5. O-O Bd6 6. b3 O-O 7. Bb2 Re8 8. Ne5
Nbd7 9. f4 Bc5+ 10. Kh1 Be7 11. d3 Nxe5 12. fxe5 Ng4 13. Rf3 f5 14. h3 Nh6 15.
Na3 a6 16. cxd5 cxd5 17. Nc2 Bc5 18. Bd4 Qb6 19. Bxc5 Qxc5 20. d4 Qe7 21. Qd2
Bd7 22. a4 b5 23. a5 Rec8 24. Nb4 Nf7 25. Rc3 h6 26. Rac1 Kh7 27. Nd3 Qd8 28.
Nc5 Ng5 29. b4 Ne4 30. Bxe4 dxe4 31. Qa2 Qe7 32. Qb3 Qe8 33. Nb7 Rxc3 34. Rxc3
Qh5 35. Qc2 Qxh3+ 36. Kg1 Qh5 37. Rc7 Qe8 38. Nd6 Qe7 39. Nxe4 Qe8 40. Nd6 Qd8
41. Nb7 Qe8 42. Nc5 Bc8 43. Ne4 Qd8 44. Qc6 Qxd4+ 45. Kg2 Qxe4+ 46. Qxe4 fxe4
47. Kf2 Kg6 48. Ke3 Rb8 49. Kxe4 Bb7+ 50. Kd4 Bd5 51. e4 Bc4 52. Ra7 Rd8+ 53.
Kc5 Rd4 54. Kxd4 1-0

[Event "Autumn Cup"]
[Site "Wellington Chess Club"]
[Date "2012.06.05"]
[Round "1"]
[White "Nyberg, Michael"]
[Black "Pomeroy, Arthur"]
[Result "1-0"]
[WhiteElo "2076"]
[BlackElo "2111"]

1. e4 c5 2. Nf3 d6 3. Bd3 g6 4. c3 Bg7 5. Bc2 Nc6 6. d3 e5 7. Nbd2 Nge7 8. O-O
O-O 9. a4 h6 10. Qe2 Bg4 11. h3 Be6 12. Rd1 Qd7 13. Nf1 d5 14. Ng3 Rae8 15.
exd5 Nxd5 16. Ne4 b6 17. a5 f5 18. axb6 axb6 19. Ng3 Nf4 20. Qf1 Bd5 21. Ne1
Qc7 22. c4 Bf7 23. Ba4 Rc8 24. Nf3 Qd6 25. Bxc6 Qxc6 26. Kh2 Rcd8 27. Ra7 Qd6
28. b3 Nxd3 29. Bb2 e4 30. Bxg7 Kxg7 31. Ne1 Kg8 32. Kg1 Rfe8 33. Nc2 Qb8 34.
Raa1 Qe5 35. Ra6 b5 36. Ne3 bxc4 37. bxc4 Kg7 38. Rb1 Nb4 39. Ra5 f4 40. Ng4 (
40. Rxb4 fxe3 41. Rb7 Rb8) 40... Qc7 41. Rxb4 cxb4 42. Qa1+ Kf8 43. Qh8+ Ke7
44. Qf6+ Kf8 45. Qh8+ Ke7 46. Re5+ Kd7 47. Nf6+ Kc8 48. Nxe8 Rd1+ (48... fxg3
49. fxg3 Qc6 50. Qf6 Bxe8 51. Qf2 Qd6 52. Rc5+ Bc6) 49. Nf1 Qd8 50. Rc5+ Kb8
51. Qe5+ Kb7 52. Rc7+ 1-0

[Event "Autumn Cup"]
[Site "Wellington Chess Club"]
[Date "2012.06.05"]
[Round "3"]
[White "Nijman, Brian"]
[Black "Wastney, Scott"]
[Result "1-0"]
[WhiteElo "2155"]
[BlackElo "2388"]

1. d4 d5 2. Nc3 Nf6 3. Bg5 Nbd7 4. e3 h6 5. Bh4 e6 6. a3 c5 7. Nf3 Be7 8. Ne5
Nxe5 9. dxe5 Nd7 10. Bg3 a6 11. Bd3 c4 12. Be2 Nc5 13. O-O b5 14. f4 Bb7 15.
Bf3 g6 16. Ne2 Qb6 17. Nd4 Na4 18. Rb1 c3 19. b3 Nb2 20. Qe1 Rc8 21. Bf2 Bxa3
22. Kh1 Be7 23. g4 a5 24. f5 b4 25. Bg3 a4 26. bxa4 Nxa4 27. Qf2 Nb2 28. Bg2
Kd7 29. fxe6+ fxe6 30. Qf7 Rcf8 31. Qxg6 Nc4 32. Rf7 Rxf7 33. Qxf7 Nxe3 34. Bh4
Re8 35. Bxe7 Rxe7 36. Qf4 Nxg2 37. Kxg2 Qc5 38. h4 Rg7 39. Kh3 Re7 40. Rd1 Ba6
41. Qxh6 b3 42. Nxb3 Qf2 43. Qf6 Qe3+ 44. Kg2 Qe2+ 45. Kg3 Qxd1 46. Nc5+ Kc6
47. Nxa6 Qg1+ 48. Kh3 Qe3+ 49. Kh2 Re8 50. Nb4+ Kb5 51. Nd3 Qe2+ 52. Qf2 Qxf2+
53. Nxf2 Kc4 54. h5 Kd4 55. Nd3 Ke3 56. g5 Rg8 57. g6 Rh8 58. Kg3 Rxh5 59. Kg4
Rh1 60. Kg5 Rg1+ 61. Kf6 Kd2 62. Nb4 d4 63. g7 d3 64. cxd3 c2 65. Nxc2 Kxd3 66.
Nb4+ Kc4 67. Kf7 Kxb4 { } 68. g8=Q Rxg8 69. Kxg8 1-0

[Event "Autumn Cup"]
[Site "Wellington Chess Club"]
[Date "2012.06.05"]
[Round "4"]
[White "Sellen, Ian"]
[Black "Stone, Andrew"]
[Result "0-1"]
[WhiteElo "2069"]
[BlackElo "1963"]

1. c4 Nf6 2. Nc3 d5 3. cxd5 Nxd5 4. g3 g6 5. Bg2 Nb6 6. d4 Bg7 7. e3 O-O 8.
Nge2 Nc6 9. O-O e5 10. d5 Na5 11. Qc2 Nac4 12. a4 a5 13. Nb5 Bf5 14. e4 Bd7 15.
Nbc3 Nd6 16. b3 f5 17. Ba3 fxe4 18. Rad1 Bf5 19. Nxe4 Nxe4 20. Bxe4 Bxe4 21.
Qxe4 Rf7 22. f4 Rd7 23. fxe5 Rxd5 24. Nc3 Rxd1 25. Rxd1 Qg5 26. e6 Bxc3 27. e7
Re8 28. Qe6+ (28. Rd8 Kf7) 28... Kg7 {White lost on time} 0-1

[Event "Club Championships"]
[Site "Wellington Chess Club"]
[Date "2012.07.31"]
[Round "1"]
[White "Cook, John"]
[Black "Sknar, Andrew"]
[Result "1-0"]
[WhiteElo "1611"]
[BlackElo "1427"]

1. d4 d5 2. e3 a6 3. Bd3 Nc6 4. c3 Nf6 5. Nd2 e5 6. dxe5 Nxe5 7. Be2 Be6 8.
Ngf3 Bd6 9. Nxe5 Bxe5 10. Nf3 Qd6 11. h3 O-O 12. O-O Ne4 13. Qc2 Bg3 14. Bd3
Bf5 15. fxg3 Qxg3 16. Bxe4 dxe4 17. Nh2 g6 18. b3 Rad8 19. Qf2 Qe5 20. Bb2 Qb5
21. Ba3 Rfe8 22. Ng4 Re6 23. c4 Qc6 24. Bb2 Kf8 25. Ba3+ Ke8 26. Nh6 Re5 27.
Bb2 Rc5 28. g4 g5 29. Nxf5 Rd7 30. Ba3 Re5 31. Rad1 f6 32. Rxd7 Qxd7 33. Nd4
Kd8 34. Rd1 Kc8 35. Qxf6 Qe8 36. Nf5 b6 37. Ne7+ Kb7 38. Qxe5 Qf7 39. Qd5+ Qxd5
40. Rxd5 c6 41. Rxg5 b5 42. cxb5 axb5 43. Bc5 h6 44. Rh5 Kc7 45. Rxh6 Kd7 46.
g5 Ke8 47. g6 Kf8 48. Rh7 b4 49. g7+ Kf7 50. g8=Q+ Kf6 51. Bd4# 1-0

[Event "Club Championships"]
[Site "Wellington Chess Club"]
[Date "2012.07.31"]
[Round "1"]
[White "Dive, Russell"]
[Black "Jackson, Ross"]
[Result "1/2-1/2"]
[WhiteElo "2437"]
[BlackElo "2026"]

1. Nf3 d5 2. c4 e6 3. g3 Nf6 4. Bg2 Be7 5. O-O O-O 6. b3 c5 7. e3 Nc6 8. d3 e5
9. cxd5 Nxd5 10. a3 Bg4 11. h3 Be6 12. Bb2 f6 13. Qc2 Qd7 14. Kh2 Rfd8 15. Rd1
Rac8 16. Nbd2 Qe8 17. Rac1 Qf7 18. Qb1 Nb6 19. Bc3 Bf5 20. Ne4 Be6 21. Ned2 Bf5
22. Nc4 Nxc4 23. bxc4 Rd7 24. Nh4 Be6 25. f4 exf4 26. gxf4 Qh5 27. Be1 g5 28.
f5 gxh4 29. fxe6 Bd6+ 30. Kg1 Rg7 31. Qb2 Qg5 32. Qf2 Bg3 33. Qf3 Ne5 34. Qe2
Bxe1 35. Rxe1 Nxd3 36. Kh1 Nxe1 37. Rxe1 Qg3 38. Rf1 Rd8 39. Rxf6 Rd1+ 40. Rf1
Rxf1+ 41. Qxf1 Qxe3 42. Bd5 Kh8 43. Qf8+ Rg8 44. Qf6+ 1/2-1/2

[Event "Club Championships"]
[Site "Wellington Chess Club"]
[Date "2012.07.31"]
[Round "1"]
[White "Forster, Bill"]
[Black "Stoeveken, Peter"]
[Result "1-0"]
[WhiteElo "2049"]
[BlackElo "1917"]

1. Nf3 d5 2. c4 c6 3. g3 Nf6 4. Bg2 e6 5. b3 Nbd7 6. Bb2 a6 7. O-O b5 8. d3 Bb7
9. Nbd2 Be7 10. Rc1 Rc8 11. Rc2 Qa5 12. Qa1 Ba3 13. e4 Bxb2 14. Qxb2 O-O 15. b4
Qd8 16. e5 Ng4 17. c5 a5 18. a3 axb4 19. axb4 Ra8 20. Nb3 Qc7 21. d4 f6 22. h3
Nh6 23. Re2 f5 24. Ng5 Rfe8 25. f4 Nf8 26. Na5 Bc8 27. Ra1 Nf7 28. Nxf7 Kxf7
29. Ra3 Bd7 30. Qa1 Qd8 31. Nb7 Qb8 32. Nd6+ Kg8 33. Nxe8 Rxa3 34. Nf6+ Kf7 35.
Qxa3 gxf6 36. Ra2 Qd8 37. Qf3 fxe5 38. Qh5+ Kg8 39. fxe5 Be8 40. Qf3 Qg5 41.
Qf4 Qh5 42. Ra7 Ng6 43. Qd2 f4 44. Ra8 Kf7 45. g4 Qh4 46. Qf2 Qg5 47. Qa2 Ke7
48. Qa7+ Bd7 49. Qc7 Nf8 50. Qd8+ Kf7 51. Qxg5 1-0

[Event "Club Championships"]
[Site "Wellington Chess Club"]
[Date "2012.07.31"]
[Round "1"]
[White "Frater, Dylan"]
[Black "Veldhuizen, Matt"]
[Result "0-1"]
[WhiteElo "1596"]
[BlackElo "1573"]

1. d4 f5 2. c4 Nf6 3. Nc3 e6 4. Bg5 Bb4 5. Qc2 O-O 6. Nf3 d6 7. e3 Qe8 8. Bxf6
Rxf6 9. Bd3 Nd7 10. e4 Bxc3+ 11. bxc3 fxe4 12. Bxe4 g6 13. h4 h6 14. h5 g5 15.
O-O-O Nb6 16. Bd3 Bd7 17. Bh7+ Kg7 18. Qd3 Qf8 19. Rh2 Qe7 20. Nxg5 hxg5 21.
h6+ Kh8 22. Rh5 Qxh7 23. Qg3 Rg8 24. Rdh1 Rf5 25. Re1 Nxc4 26. Re4 Ra5 27. Qf3
Rf5 28. Qg3 Be8 29. Rh1 Rg6 30. d5 Ne5 31. dxe6 Rxe6 32. c4 b6 33. f4 Rxf4 34.
Re3 Rxc4+ 35. Rc3 Nd3+ 36. Kd2 Rxc3 37. Kxc3 Nf4 38. Qf3 { can't make sense of
the rest of this, but Black obviously won} 0-1

[Event "Club Championships"]
[Site "Wellington Chess Club"]
[Date "2012.07.31"]
[Round "1"]
[White "Sellen, Ian"]
[Black "Nijman, Brian"]
[Result "1-0"]
[WhiteElo "2039"]
[BlackElo "2156"]
[PlyCount "95"]
[EventDate "2012.??.??"]

1. c4 f5 2. g3 Nf6 3. Bg2 e6 4. e3 c6 5. Ne2 Be7 6. Nbc3 O-O 7. O-O d5 8. b3
Na6 9. d4 Ne4 10. Bb2 Bd7 11. a3 Qe8 12. f3 Nxc3 13. Bxc3 Qh5 14. Nf4 Qh6 15.
Qd3 g5 16. Nh3 Qg6 17. b4 Nc7 18. Nf2 Rf6 19. e4 h5 20. Rae1 Qf7 21. exf5 exf5
22. c5 Rh6 23. Bd2 f4 $6 {lining up his next move which is a mistake} 24. gxf4
Bf5 $2 25. Rxe7 $1 {a bit obvious, but very effective. Now maybe my opponent
should have tried to keep the Queens on to complicate matters} Bxd3 26. Rxf7
Bxf1 27. Rxc7 Bxg2 28. fxg5 $1 {
a useful zwischenzug which makes my life a lot easier!} Rh7 29. Rxh7 Kxh7 30.
Kxg2 a5 $6 {hoping to drum up counterplay down the a file, but the Bishop on
d2 can control things on both sides of the board} 31. bxa5 Re8 32. Kf1 Rf8 33.
Ke2 Re8+ 34. Kd3 Kg6 35. Nh1 $1 {
this seems to be the best way to get the Knight to a better place} Rf8 36. f4
Kf5 37. h3 h4 {I was sort of hoping for this, as it means that the Knight can
manoeuvre itself to the perfect outpost on e5} 38. Nf2 Re8 39. Ng4 Re4 $6 {
black was lost anyway, but I'm not sure at all what he was hoping to achieve
with this move. Now the Rook gets trapped in a pretty little prisoncell} 40.
Ne5 Ke6 41. Be3 {
this is the sort of position I normally get only in my happiest dreams!} Kf5
42. Ke2 Ke6 43. Kf3 Kf5 44. g6 Kf6 45. f5 Kg7 46. Ng4 Kh8 47. f6 b6 48. f7 1-0

[Event "Club Championships"]
[Site "Wellington Chess Club"]
[Date "2012.07.31"]
[Round "1"]
[White "Theodosiou, Andreas"]
[Black "Sampathkumar, Shyamkumar"]
[Result "1-0"]
[WhiteElo "1232"]
[BlackElo "1301"]

1. e4 c5 2. Nf3 Nc6 3. Bc4 f6 4. d3 Qc7 5. Nc3 a6 6. Nd5 Qd8 7. Bf4 d6 8. a3 e6
9. Nc3 Bd7 10. Ne2 Nge7 11. Bxe6 { This is all really odd, I don't think I'll
try to make sense of this} 1-0

[Event "Club Championships"]
[Site "Wellington Chess Club"]
[Date "2012.07.31"]
[Round "1"]
[White "Whittle, Jonathon"]
[Black "Roberts, Michael"]
[Result "0-1"]
[WhiteElo "1637"]
[BlackElo "1843"]

1. Nf3 Nf6 2. c4 g6 3. b4 Bg7 4. Bb2 O-O 5. g3 d5 6. cxd5 Nxd5 7. Bxg7 Kxg7 8.
Qb3 a5 9. bxa5 Rxa5 10. Bg2 c6 11. Ne5 Rb5 12. Qc4 Qd6 13. d4 Be6 14. Qd3 Nb4
15. Qd2 Qxd4 16. Qxd4 Nc2+ 17. Kd2 Nxd4 18. Nd3 Ra5 19. Nc3 Bc4 20. e3 Ne6 21.
Nb2 Rd8+ 22. Kc2 Ba6 23. Rhd1 Rd6 24. Kb3 Nd7 25. Rxd6 exd6 26. Rd1 Rh5 27. h4
d5 28. Rd2 Kf6 29. f4 Ke7 30. Bf3 Nec5+ 31. Kb4 Rf5 32. g4 Rf6 33. g5 Rd6 34.
Ne2 f5 35. Nd4 Ne4 36. Nxf5+ gxf5 37. Rh2 c5+ 38. Kb3 Rb6+ 39. Kc2 Bb5 40. h5
Kf7 41. g6+ hxg6 42. h6 Kg8 43. h7+ Kh8 44. Rh6 Nf8 45. Bh5 Rd6 46. a4 Bc6 47.
Nd3 gxh5 48. Rxh5 Nxh7 49. Ne5 Kg7 50. Rxf5 Rf6 51. Rh5 Bxa4+ 52. Kc1 b5 53.
Rh1 b4 54. Rg1+ Kf8 55. Nd7+ Bxd7 0-1

[Event "Club Championships"]
[Site "Wellington Chess Club"]
[Date "2012.08.01"]
[Round "1"]
[White "Brockway, Andrew"]
[Black "Paul, David"]
[Result "1/2-1/2"]
[WhiteElo "1798"]
[BlackElo "1883"]

1. e4 c5 2. Nc3 Nc6 3. Bb5 d6 4. f4 Bd7 5. Nf3 a6 6. Bxc6 Bxc6 7. d3 e6 8. O-O
g6 9. Qe1 Bg7 10. f5 e5 11. Ng5 Bf6 12. Nh3 g5 13. Qg3 h6 14. Bd2 Ne7 15. Nf2
Nc8 16. Ng4 b5 17. Ne3 b4 18. Ncd5 Bxd5 19. Nxd5 Nb6 20. Nxb6 Qxb6 21. b3 Kd7
22. a3 a5 23. a4 Rag8 24. Qe1 g4 25. Kh1 Bg5 26. Bxg5 Rxg5 27. g3 f6 28. Kg2
Qd8 29. Qe2 Qb6 30. Rh1 Qc6 31. Kf2 Rhg8 32. Rag1 h5 33. h4 R5g7 34. Qd2 Rh7
35. Rd1 Ke7 36. c4 1/2-1/2

[Event "Club Championships"]
[Site "Wellington Chess Club"]
[Date "2012.08.01"]
[Round "1"]
[White "Ker, Anthony"]
[Black "Stone, Andrew"]
[Result "1-0"]
[WhiteElo "2449"]
[BlackElo "2033"]

1. e4 c6 2. d4 d5 3. exd5 cxd5 4. c4 Nf6 5. cxd5 Nxd5 6. Nf3 e6 7. Nc3 Bb4 8.
Qc2 Nc6 9. Bd3 Nf6 10. O-O O-O 11. Rd1 h6 12. Be3 Bd7 13. a3 Bxc3 14. bxc3 Rc8
15. Rab1 Qc7 16. Qd2 Ng4 17. Bf4 e5 18. Bg3 f5 19. dxe5 Ncxe5 20. Nxe5 Nxe5 21.
Bxe5 Qxe5 22. Rxb7 Bc6 23. Rxa7 Qc5 24. Qe3 Qxc3 25. Rc1 Qf6 26. Ra6 Qd6 27.
Bb5 Rfd8 28. Raxc6 Rxc6 29. Rxc6 Qxc6 30. Qb3+ 1-0

[Event "Club Championships"]
[Site "Wellington Chess Club"]
[Date "2012.08.07"]
[Round "2"]
[White "Dive, Russell"]
[Black "Forster, Bill"]
[Result "1-0"]
[WhiteElo "2437"]
[BlackElo "2049"]

1. c4 f5 2. Nf3 Nf6 3. g3 d6 4. d4 e6 5. Bg2 Be7 6. Qc2 Ne4 7. Nbd2 Nxd2 8.
Bxd2 O-O 9. e4 fxe4 10. Qxe4 Bf6 11. O-O Nc6 12. Bc3 Re8 13. Rfe1 e5 14. Rad1
Bd7 15. dxe5 Nxe5 16. Nxe5 Bxe5 17. Qxb7 Rb8 18. Qd5+ Be6 19. Qd3 Qf6 20. Bxe5
dxe5 21. b3 Kh8 22. Qe3 Rf8 23. Rd2 1-0

[Event "Club Championships"]
[Site "Wellington Chess Club"]
[Date "2012.08.07"]
[Round "2"]
[White "Heaton, Ken"]
[Black "Theodosiou, Andreas"]
[Result "1-0"]
[WhiteElo "1637"]
[BlackElo "1232"]

1. d4 d6 2. Nf3 Nf6 3. Bg5 e6 4. e3 b6 5. Bd3 Be7 6. Nbd2 Nd5 7. Bxe7 Qxe7 8.
Be4 Bb7 9. c4 Nxe3 10. fxe3 Bxe4 11. Nxe4 d5 12. Qa4+ c6 13. Nc3 O-O 14. O-O c5
15. Rae1 cxd4 16. exd4 Qd8 17. cxd5 exd5 18. Re5 Qc8 19. Rxd5 Nc6 20. Rh5 g6
21. Rh3 Re8 22. d5 Na5 23. Ng5 Qc5+ 24. Kh1 Qe7 25. Nce4 f5 26. Rxh7 Qe5 27.
Qd7 Rf8 28. Rh6 Qe8 29. Qh7# 1-0

[Event "Club Championships"]
[Site "Wellington Chess Club"]
[Date "2012.08.07"]
[Round "2"]
[White "Marney, John"]
[Black "Cook, John"]
[Result "0-1"]
[WhiteElo "1610"]
[BlackElo "1611"]

1. e4 c5 2. Nc3 d6 3. f4 a6 4. Nf3 Bg4 5. Be2 e6 6. O-O Nf6 7. d4 Bxf3 8. Bxf3
cxd4 9. Qxd4 Nc6 10. Qf2 Be7 11. Be3 O-O 12. Rfd1 e5 13. Nd5 Nxd5 14. Rxd5 Rc8
15. a3 f6 16. c4 exf4 17. Bb6 Qe8 18. Bg4 Ra8 19. Qxf4 Ne5 20. Be6+ Kh8 21. Rc1
Bd8 22. Bxd8 Qxd8 23. Rd2 Qc7 24. Rc3 Rad8 25. b4 b5 26. Rdc2 Qb6+ 27. Qf2 Qb8
28. Bd5 Rc8 29. cxb5 axb5 30. Qf1 Qb6+ 31. Kh1 Qb8 32. h3 h6 33. Kh2 Nc4
{(Black trying for 34.BxN RxB 35.RxR d5+ 36.K moves dxRc4 getting a passed
pawn)} 34. g3 Ne3 35. Qc1 Nxc2 36. Rxc2 Rxc2+ 37. Qxc2 Rc8 38. Qd3 Qb6 39. Kg2
Rc1 40. Qf3 Qg1# 0-1

[Event "Club Championships"]
[Site "Wellington Chess Club"]
[Date "2012.08.07"]
[Round "2"]
[White "Nijman, Brian"]
[Black "Ker, Anthony"]
[Result "1/2-1/2"]
[WhiteElo "2156"]
[BlackElo "2449"]

1. e4 d6 2. d4 Nf6 3. Nc3 g6 4. Bg5 Bg7 5. Qe2 O-O 6. h4 c5 7. d5 Qa5 8. O-O-O
a6 9. h5 b5 10. hxg6 fxg6 11. e5 dxe5 12. d6 Ra7 13. Qxe5 Nbd7 14. Qe6+ Kh8 15.
dxe7 Re8 16. Bd3 Qb6 17. Qxb6 Nxb6 18. Bxg6 Raxe7 19. Bxe8 Rxe8 20. Nf3 b4 21.
Bxf6 Bxf6 22. Nd5 Nxd5 23. Rxd5 c4 24. Re1 Rg8 25. g3 Bb7 26. Rf5 Rf8 27. Nd2
Bxb2+ 28. Kxb2 Rxf5 29. Nxc4 Bc6 30. f4 Rc5 31. Ne5 Ba4 32. Re2 a5 33. g4 Kg7
34. g5 h6 35. gxh6+ Kxh6 36. Rg2 Kh7 37. Nd3 Rc3 38. Ne5 Rc5 39. Rf2 Kg7 40.
Ng4 Bd7 41. Ne3 Rc3 42. Rd2 Be6 43. Rd3 Rc5 44. Rd6 Kf7 45. Ra6 Rc3 46. f5 Bxa2
47. Kxa2 Rxe3 48. Rxa5 Rc3 49. Kb2 Kf6 50. Rb5 Rf3 51. Rxb4 Kxf5 52. Rd4 Ke5
53. c3 Rf6 54. Kb3 Rb6+ 55. Kc4 Rc6+ 56. Kb4 Rc8 57. Rd3 Rb8+ 58. Kc4 Rc8+ 59.
Kb3 Rb8+ 60. Kc2 Rb6 61. c4 Rd6 62. Rh3 Kd4 63. Rh4+ Kc5 64. Kc3 Rg6 65. Rh5+
Kc6 66. Kb4 Kb6 67. Rb5+ Kc6 68. Ra5 Rg1 69. Ra6+ Kb7 70. Rh6 Rg5 71. c5 Rg1
72. Rb6+ Kc7 1/2-1/2

[Event "Club Championships"]
[Site "Wellington Chess Club"]
[Date "2012.08.07"]
[Round "2"]
[White "Nyberg, Michael"]
[Black "Sellen, Ian"]
[Result "1/2-1/2"]
[WhiteElo "2074"]
[BlackElo "2039"]
[PlyCount "114"]
[EventDate "2012.??.??"]

1. d4 d5 2. c4 e6 3. Nf3 Nf6 4. Nc3 Nbd7 5. Bg5 Be7 6. e3 O-O 7. Rb1 c6 8. c5
Ne4 9. Bf4 Qa5 10. Qc2 Nxc3 11. bxc3 Nf6 12. Bd3 h6 13. Nd2 Re8 14. O-O Nh5 15.
Be5 Qd8 16. h3 Nf6 17. c4 Nd7 18. Bg3 Nf8 19. cxd5 exd5 20. Nf3 Bf6 21. Bd6 Be7
22. Be5 Bf6 23. Bg3 g6 24. Rfe1 Kg7 25. Rbd1 $6 {Michael was unhappy with
himself for this move, and he ends up moving it back straight away. Howver my
position as Black is still extremely uncomfortable, and getting worse by the
move!} h5 26. Rb1 h4 27. Bd6 Be7 28. Bxe7 Qxe7 29. e4 Qf6 30. exd5 Rxe1+ 31.
Rxe1 cxd5 32. Re5 Ne6 $5 {saccing a pawn for counterplay. The computer doesn't
like this, but at least it gets my pieces out of a hole} 33. Rxd5 Nf4 34. Rd6
Nxh3+ {worth a punt I would have thought} 35. Kf1 Qf4 36. Bxg6 {
obviously I'm doomed if I take this Bishop} Bg4 37. Be4 {
throwing away the huge advantage he had built up} (37. Ne5 {looks strong})
37... Re8 38. Ne5 {one move too late!} Bd1 $1 {
Catching the Borg unawares! now life becomes a bit tricky for White} 39. Nd3 $4
(39. Qb2 Qxe4 40. f3 Qf4 41. gxh3 {is what the computer comes up with, but
White is still in a lot of trouble in a double edged position. The move played
took me by surprise, and I was impressed with it at the time, but it turns out
it should have been the losing move!}) 39... Qxd6 $4 {
not throwing away the whole advantage, just most of it!} (39... Qh2 $1 {now if}
40. Qxd1 Rxe4 {and White can only prevent mate by sacrificing his Queen}) 40.
Qxd1 Qxd4 41. Qg4+ Kf8 42. f3 Rxe4 43. Qxe4 Qg1+ 44. Ke2 Qxg2+ 45. Ke3 Ng5 46.
Qxb7 Qg1+ 47. Kd2 h3 48. Qb8+ Ke7 49. Qd6+ Ke8 50. Qb8+ Ke7 51. Qe5+ Kf8 52.
Qh8+ Ke7 53. Qe5+ Ne6 54. Qd6+ Kf6 55. Qe5+ Ke7 (55... Kg6 56. Qh8 Ng5 {
would have been a good try for a win. By this time I was running out of time
and was worried about blundering away thewholepoint}) 56. Qd6+ Kf6 57. Qe5+ Ke7
{draw by repetition} 1/2-1/2

[Event "Club Championships"]
[Site "Wellington Chess Club"]
[Date "2012.08.07"]
[Round "2"]
[White "Roberts, Michael"]
[Black "Paul, David"]
[Result "0-1"]
[WhiteElo "1843"]
[BlackElo "1883"]

1. d4 Nf6 2. c4 e5 3. dxe5 Ng4 4. Nf3 Nc6 5. e4 Bc5 6. Be3 Bxe3 7. fxe3 Ngxe5
8. Be2 Nxf3+ 9. Bxf3 Qg5 10. Qd2 Ne5 11. Na3 d6 12. O-O-O Be6 13. Qe2 O-O 14.
b3 Qe7 15. Nc2 a5 16. Nd4 g6 17. h4 a4 18. h5 axb3 19. axb3 d5 20. Qb2 dxc4 21.
hxg6 fxg6 22. Nxe6 Qxe6 23. Be2 cxb3 0-1

[Event "Club Championships"]
[Site "Wellington Chess Club"]
[Date "2012.08.07"]
[Round "2"]
[White "Sknar, Andrew"]
[Black "Frater, Dylan"]
[Result "0-1"]
[WhiteElo "1427"]
[BlackElo "1596"]

1. e4 c5 2. c4 Nc6 3. Nf3 e5 4. h3 d6 5. Be2 Be7 6. g3 f5 7. d3 Nf6 8. Ng5 h6
9. Bh5+ Nxh5 10. Qxh5+ Kd7 11. Nf7 Qe8 12. Nc3 Nd4 13. Kd1 Rf8 14. exf5 Rxf7
15. Qg4 Nxf5 16. Be3 Kd8 17. Qe2 Nd4 18. Bxd4 cxd4 19. Nd5 Qc6 20. Kc2 Be6 21.
Nxe7 Kxe7 22. b3 Raf8 23. Raf1 Bd5 24. Rh2 Bf3 25. Qd2 Qa6 26. a4 Rc8 27. Kb2
Kd8 28. h4 d5 29. Re1 dxc4 30. Rxe5 c3+ 31. Qxc3 dxc3+ 32. Kc2 Rd7 33. Re3 Be4
0-1

[Event "Club Championships"]
[Site "Wellington Chess Club"]
[Date "2012.08.07"]
[Round "2"]
[White "Whittle, Jonathon"]
[Black "Timergazi, Layla"]
[Result "0-1"]
[WhiteElo "1637"]
[BlackElo "1755"]

1. Nf3 d5 2. c4 c6 3. g3 Nf6 4. Bg2 g6 5. Qa4 dxc4 6. Qxc4 Bg7 7. O-O O-O 8. d4
Re8 9. Ng5 e6 10. f4 Nd5 11. Nf3 Qb6 12. e4 Ne7 13. Nc3 Rd8 14. Rd1 Na6 15. a3
Nc7 16. Be3 Nb5 17. Na4 Qc7 18. b4 b6 19. Qa2 Nd6 20. Qc2 Ba6 21. Nb2 Rac8 22.
Rac1 Bb7 23. Ne5 b5 24. d5 exd5 25. exd5 Ndf5 26. Bxa7 Bxe5 27. fxe5 Qxe5 28.
Re1 Qd6 29. Bc5 Qd7 30. Bxe7 Nxe7 31. Qe2 Nxd5 32. Red1 Qe8 33. Qxe8+ Rxe8 34.
Rc5 Ne3 35. Rd7 Nxg2 36. Kxg2 Re2+ 37. Kh3 Rxb2 38. Rxb7 Rd2 39. Rbxb5 cxb5 40.
Rxc8+ Kg7 41. Ra8 Rd4 42. Ra5 Rd5 43. a4 Rh5+ 44. Kg2 bxa4 45. Rxa4 Rb5 46. Kf3
Kf6 47. Kf4 Ke6 48. Ke4 Kd6 49. Kd4 Kc6 50. Kc4 h5 51. Ra6+ Rb6 52. b5+ Kb7 53.
Kc5 Rxa6 54. bxa6+ Kxa6 55. Kc6 g5 56. Kd7 f5 57. Ke6 f4 58. Kf5 f3 59. Kxg5 f2
60. Kxh5 f1=Q 61. h4 Qf6 62. g4 Kb6 63. g5 Qg7 64. g6 Kc6 65. Kg5 Kd6 66. h5
Ke6 67. h6 Qg8 68. g7 Qh7 69. Kh5 Kf5 0-1

[Event "Club Championships"]
[Site "Wellington Chess Club"]
[Date "2012.08.08"]
[Round "2"]
[White "Aldridge, Alan"]
[Black "Brockway, Andrew"]
[Result "1-0"]
[WhiteElo "1959"]
[BlackElo "1798"]

1. d4 Nf6 2. c4 e6 3. Nc3 Bb4 4. Nf3 c5 5. e3 Ne4 6. Qc2 Qa5 7. Qxe4 Bxc3+ 8.
Bd2 Bxd2+ 9. Nxd2 cxd4 10. exd4 f5 11. Qf4 O-O 12. Be2 Re8 13. O-O d6 14. Nf3
e5 15. dxe5 dxe5 16. Qh4 Nc6 17. Rfd1 Re6 18. Rd5 Qc7 19. Rad1 Rh6 20. Qg3 f4
21. Qg5 Rg6 22. Qh5 Bg4 23. Qh4 Bxf3 24. Bxf3 Nd4 25. Be4 Rh6 26. Qg5 Re8 27.
Bf5 Rf6 28. Rd7 Rg6 29. Qxg6 hxg6 30. Rxc7 gxf5 31. Rxb7 Rc8 32. b3 a5 33. Kf1
a4 34. Rxd4 exd4 35. Rd7 axb3 36. axb3 Rb8 37. Rxd4 Rxb3 38. Rxf4 g6 39. Ke2
Kf7 40. Kd2 Kf6 41. h4 Ke5 42. g3 Rb8 43. Kc3 Rd8 44. Rf3 Ra8 45. Re3+ Kd6 46.
Kd4 Ra4 47. Re8 Ra2 48. Rg8 Rxf2 49. Rxg6+ Ke7 50. Ke5 Rc2 51. Rg5 Rc3 52. Kxf5
Rxc4 53. h5 Rc5+ 54. Kg4 1-0